Nad poisťovňou Dôvera stále visí otáznik
Situácia v najmenšej zdravotnej poisťovni Vzájomnej zdravotnej poisťovni (VZP) Dôvera Bratislava. Pokles počtu poistencov. Z histórie VZP Dôvera. Úvahy riaditeľa poisťovne do budúcnosti. VZP Dôvera patrí medzi najmenej zadlžené zdravotné poisťovne na Slovensku. Je druhým najlepším platiteľom náklado...
Salvato in:
| Autore principale: | |
|---|---|
| Natura: | Capitolo di libro |
| Lingua: | slovacco |
| Soggetti: | |
| Tags: |
Nessun Tag, puoi essere il primo ad aggiungerne!!
|
MARC
| LEADER | 00000naa a2200000 4500 | ||
|---|---|---|---|
| 001 | r040140 | ||
| 005 | 20230921110258.7 | ||
| 041 | 0 | |a slo | |
| 044 | |a SK | ||
| 245 | 1 | 0 | |a Nad poisťovňou Dôvera stále visí otáznik |c Milan Velecký |
| 520 | |a Situácia v najmenšej zdravotnej poisťovni Vzájomnej zdravotnej poisťovni (VZP) Dôvera Bratislava. Pokles počtu poistencov. Z histórie VZP Dôvera. Úvahy riaditeľa poisťovne do budúcnosti. VZP Dôvera patrí medzi najmenej zadlžené zdravotné poisťovne na Slovensku. Je druhým najlepším platiteľom nákladov na nemocničnú starostlivosť. Zmena v hospodárení poisťovne nastala po zmene vedenia poisťovne. | ||
| 610 | 2 | 0 | |a poisťovne zdravotné |
| 610 | 2 | 0 | |a hospodárenie finančné |
| 610 | 2 | 0 | |a poistenci |
| 610 | 2 | 0 | |a zariadenia zdravotnícke |
| 610 | 2 | 0 | |a dlhy |
| 610 | 2 | 0 | |a záväzky |
| 610 | 2 | 0 | |a pohľadávky |
| 610 | 2 | 0 | |a Vzájomná zdravotná poisťovňa Dôvera Bratislava |
| 100 | 1 | |a Velecký, Milan | |